Programming Languages Principles And Practices (Record no. 5601)

MARC details
000 -LEADER
fixed length control field 00456nam a22001697a 4500
005 - DATE AND TIME OF LATEST TRANSACTION
control field 20180205122510.0
008 - FIXED-LENGTH DATA ELEMENTS--GENERAL INFORMATION
fixed length control field 170920b xxu||||| |||| 00| 0 eng d
020 ## - INTERNATIONAL STANDARD BOOK NUMBER
ISBN 978-81-315-1668-3
041 ## - LANGUAGE CODE
Language code of text/sound track or separate title eng
082 ## - DEWEY DECIMAL CLASSIFICATION NUMBER
Classification number 005.13
100 ## - MAIN ENTRY--AUTHOR NAME
Personal name Louden,Kenneth C and Lambert, Kenneth A.
245 ## - TITLE STATEMENT
Title Programming Languages Principles And Practices
250 ## - EDITION STATEMENT
Edition statement 3rd ED.
260 ## - PUBLICATION, DISTRIBUTION, ETC. (IMPRINT)
Name of publisher Cengage Learning Andover
Year of publication 212
Place of publication andover
300 ## - PHYSICAL DESCRIPTION
Number of Pages 662
942 ## - ADDED ENTRY ELEMENTS (KOHA)
Koha item type Books
Holdings
Lost status Damaged status Collection code Home library Current library Shelving location Date acquired Source of acquisition Cost, normal purchase price Full call number Accession Number Koha item type
    CS/IT JRU Library JRU Library SHELF-50-A 20/09/2017 Purchase 599.00 005.13 22039 Books
    CS/IT JRU Library JRU Library SHELF-50-A 20/09/2017 Purchase 599.00 005.13 22040 Books
    CS/IT JRU Library JRU Library SHELF-50-A 20/09/2017 Purchase 599.00 005.13 22041 Books
    CS/IT JRU Library JRU Library SHELF-50-A 20/09/2017 Purchase 599.00 005.13 22042 Books
    CS/IT JRU Library JRU Library SHELF-50-A 20/09/2017 Purchase 599.00 005.13 22043 Books
    CS/IT JRU Library JRU Library SHELF-50-A 25/09/2017 Purchase 599.00 005.13 22131 Books
    CS/IT JRU Library JRU Library SHELF-50-A 25/09/2017 Purchase 599.00 005.13 22132 Books
    CS/IT JRU Library JRU Library SHELF-50-A 25/09/2017 Purchase 599.00 005.13 22133 Books
    CS/IT JRU Library JRU Library SHELF-50-A 25/09/2017 Purchase 599.00 005.13 22134 Books
    CS/IT JRU Library JRU Library SHELF-50-A 25/09/2017 Purchase 599.00 005.13 22135 Books